Najludniejsze państwa Europy - nagła śmierć - Statystyki

Ogólne statystyki
  • Ten quiz został rozwiązany 779 razy
  • Średni wynik to 11 z 18
Answers on the Grid
Answers color-coded by a green-red scale on the quiz's grid according to % correct below.
Albania
Austria
Belgia
Bułgaria
Czechy
Dania
Finlandia
Francja
Grecja
Hiszpania
Holandia
Irlandia
Litwa
Luksemburg
Malta
Monako
Niemcy
Norwegia
Polska
Portugalia
Rosja
Rumunia
Serbia
Słowacja
Szwajcaria
Szwecja
Ukraina
Węgry
Wielka Brytania
Włochy
 
Statystyki odpowiedzi
Odpowiedź % Poprawnych
83.7 mln Niemcy
90%
47.9 mln Hiszpania
89%
70.4 mln Wielka Brytania
89%
69.3 mln Francja
88%
143 mln Rosja
87%
59.0 mln Włochy
87%
37.9 mln Polska
85%
39.6 mln Ukraina
81%
18.8 mln Rumunia
61%
18.6 mln Holandia
55%
10.4 mln Portugalia
38%
10.7 mln Szwecja
38%
9.11 mln Austria
37%
11.8 mln Belgia
35%
9.90 mln Grecja
32%
10.5 mln Czechy
30%
9.59 mln Węgry
29%
9.00 mln Szwajcaria
22%
Nie znaleziono quizów pasujących do podanych kryteriów
Rozkład punktacji
Procent ludzi z każdym wynikiem
Percentyl według liczby udzielonych odpowiedzi
Twoja historia wyników
Nie rozwiązałeś tego quizu